Koncepcia nového systému sociálneho zabezpečenia, východiská, ciele a súčasný stav reformy

Základné faktory a princípy ovplyvňujúce rozsah a vývoj transformácie sociálneho zabezpečenia. Ekonomický faktor. Demografický faktor. Politický faktor. Medzinárodný faktor. Sociálna spravodlivosť. Osobná participácia a sociálna solidarita. Transformácia systému sociálneho zabezpečenia v SR.

Gespeichert in:
Bibliographische Detailangaben
1. Verfasser: Rusiňák, Peter
Format: Buchkapitel
Sprache:Slowakisch
Schlagworte:
Tags: Tag hinzufügen
Keine Tags, Fügen Sie das erste Tag hinzu!

MARC

LEADER 00000naa a2200000 4500
001 r030237
005 20240502110628.1
041 0 |a slo 
044 |a SK 
245 1 0 |a Koncepcia nového systému sociálneho zabezpečenia, východiská, ciele a súčasný stav reformy  |c Peter Rusiňák 
520 |a Základné faktory a princípy ovplyvňujúce rozsah a vývoj transformácie sociálneho zabezpečenia. Ekonomický faktor. Demografický faktor. Politický faktor. Medzinárodný faktor. Sociálna spravodlivosť. Osobná participácia a sociálna solidarita. Transformácia systému sociálneho zabezpečenia v SR. 
610 2 0 |a zabezpečenie sociálne 
610 2 0 |a systémy sociálne 
610 2 0 |a reformy sociálne 
610 2 0 |a transformácia 
610 2 0 |a Slovensko 
100 1 |a Rusiňák, Peter